Noční volání : detektiv Lucy Goldenová /
Temnota někdy číhá na těch nejkrásnějších místech... Krimi román s irskou atmosférou.
Uloženo v:
| Série: | Detektiv Lucy Goldenová,
část 1 |
|---|---|
| Hlavní autor: | |
| Další autoři: | |
| Médium: | Kniha |
| Jazyk: | Czech |
| Vydáno: |
Praha :
Kniha Zlín,
2026
|
| Vydání: | Vydání první |
| Témata: | |
| Celkem bylo vypůjčeno: | 0x |
| Příbuzné jednotky: | Z cyklu::
Detektiv Lucy Goldenová |
| Tagy: |
Žádné tagy |
| LEADER | 02246nam a2200433 i 4500 | ||
|---|---|---|---|
| 001 | 106345 | ||
| 003 | CZ PrNK | ||
| 005 | 20260514080310.0 | ||
| 007 | ta | ||
| 008 | 260420s2026 xr g 000 f cze | ||
| 015 | |a cnb003751568 | ||
| 020 | |a 9788025911150 |q (vázáno) : |c Kč 399,00 | ||
| 040 | |a ABG001 |b cze |e rda | ||
| 041 | 1 | |a cze |h eng | |
| 072 | 7 | |a 821.111-3 |x Anglická próza, anglicky psaná |2 Konspekt |9 25 | |
| 080 | |a 821.111(415)-31 |2 MRF | ||
| 080 | |a (0:82-312.4) |2 MRF | ||
| 100 | 1 | |a Murphy, Martina |7 xx0344341 |4 aut |9 117352 | |
| 240 | 1 | 0 | |a Night caller. |l Česky |
| 245 | 1 | 0 | |a Noční volání : |b detektiv Lucy Goldenová / |c Martina Murphy ; přeložila Adéla Špínová |
| 250 | |a Vydání první | ||
| 264 | 1 | |a Praha : |b Kniha Zlín, |c 2026 | |
| 300 | |a 356 stran ; |c 21 cm | ||
| 336 | |a text |b txt |2 rdacontent | ||
| 337 | |a bez média |b n |2 rdamedia | ||
| 338 | |a svazek |b nc |2 rdacarrier | ||
| 500 | |a Přeloženo z angličtiny | ||
| 520 | 2 | |a Temnota někdy číhá na těch nejkrásnějších místech... Krimi román s irskou atmosférou. |b Na drsném irském pobřeží ostrova Achill je nalezeno tělo mladé učitelky. Vyšetřování se ujímá detektiv seržant Lucy Goldenová - rodačka z ostrova, pro niž je tento případ víc než jen práce. Po manželově skandálu se roky snažila očistit své jméno a teď má konečně šanci dokázat, že patří mezi nejlepší. Jenže když se na rašeliništi objeví další mrtvá žena a minulost se začne prolínat s přítomností, musí Lucy čelit nejen vrahovi, ale i svým démonům. Přemůže je dřív, než zabiják udeří znovu? Nakladatelská anotace. | |
| 655 | 7 | |a irské romány (anglicky) |7 fd132475 |2 czenas |9 53646 | |
| 655 | 7 | |a detektivní romány |7 fd132010 |2 czenas |9 53536 | |
| 655 | 9 | |a Irish fiction (English) |2 eczenas | |
| 655 | 9 | |a detective novels |2 eczenas | |
| 700 | 1 | |a Špínová, Adéla, |d 1990- |7 xx0097944 |4 trl |9 23762 | |
| 710 | 2 | |a Nakladatelství Kniha Zlin |7 xx0231594 |4 pbl |9 117179 | |
| 787 | 0 | 8 | |i Z cyklu: |t Detektiv Lucy Goldenová |g 1 |
| 910 | |a UOG502 | ||
| 942 | |2 ddc |c KN | ||
| 999 | |d 106345 | ||
| 993 | |0 0 |1 421180107066 |2 ddc |4 0 |7 0 |9 99728 |b 0 |c 107066 |d 2026-05-14 |e 0 |f DOSP |h 399.00 |i Koupě |l DOSP |r 2026-05-14 |t 6 |w 2026-05-14 |y KN |z KRIMI |n | ||